000
00346 a2200169 4500
001
175410
020
_a
85-06-01788-2
040
_c
Magnum
100
_a
Spence, M.
240
1
0
_a
Energia solar
_l
por
245
1
0
_a
Energia solar
300
_a
362
0
_a
1993
440
1
_a
Melhoramentos
697
_a
EDUCAÇÃO AMBIENTAL
942
_c
BK
999
_c
175410
_d
175410